00782nam a22001697a 4500003000900000008004100009040007100050082002500121100003100146245006200177260004400239300002500283505024300308650001900551650001600570650002600586AR-CdUCM190404b           ||||| |||| 00| 0 spa d  aMUNICIPALIDAD PROVINCIAL DEL CUSCOcBIBLIOTECA MUNICIPAL DEL CUSCO  a332.4 / bC27 / 1948  aCapuñay Mimbela, Carlos,  aLa situación monetaria del Perú : bdesde 1940-1948 /  aLima :bLibr. e Imp. D. Miranda,c1948.  a43 paginas ;c19 cm.  aContenido : Medio circulante -- Factores determinantes de la operación monetaria -- Rol o función del encaje legal -- Valor externo de la moneda peruana -- Nivel de precios e indice de la capacidad adquisitiva interna del sol peruano.  aMoneda Peruana  aSol Peruano  aOperación monetaria